00684nai a2200181Ia 4500003000900000008004100009022002200050022002300072040001600095245003900111260008600150310001400236362002900250521006900279650002800348650003300376856009300409IN-BaIIA211028c9999 xx s 000 0 eng d a0194-3359 (Print) a2379-5646 (Online) cIIA Library 0aTechnology and Societyh[eJournal] aNew York, USAbThe Institute of Electrical and Electronics Engineers, Inc. (IEEE) aQuarterly a5(17); 1977 - 9(4); 1981 bSubscribed through National Knowledge Resource Consortium (NKRC) a Engineering Profession aGeneral Topics for Engineers uhttps://ieeexplore.ieee.org/servlet/opac?punumber=6457542yClick Here to Access eJournal